书目信息 |
| 书名: | MATHEMATICAL TECHNIQUES IN CHEMISTRY | |
| 作者: | Joseph B.dence. | |
| 分册号: | ||
| 分册名: | 出版地: | New York : |
|
| 出版社: | A WILEY-INTERSCIENCE PUBLICATION | |
| 出版时间: | 1975. | |
| 页数: | 442 p. ; | |
| 开本: | 20cm. | |
| 丛书名: | ||
| 中图分类号: | ||
| 科图分类号: | ||
| 其他分类号: | O6:H31 | |
| 主题词: | ||
| 电子资源: | ||
| 000 | 00408nam 2200145 a 4500 | |
| 001 | E0751826289 | |
| 005 | 20070301142917.82 | |
| 008 | 070301s1975 00010 eng | |
| 020 | @cCNY2.50. | |
| 040 | @aPFT@beng | |
| 090 | @aO6:H31 | |
| 099 | @dO6:H31@ex83 | |
| 245 | @aMATHEMATICAL TECHNIQUES IN CHEMISTRY / @cJoseph B.dence. | |
| 260 | @aNew York :@bA WILEY-INTERSCIENCE PUBLICATION,@c1975. | |
| 300 | @a442 p. ;@c20cm. | |
| MATHEMATICAL TECHNIQUES IN CHEMISTRY / / Joseph B.dence.-New York : : A WILEY-INTERSCIENCE PUBLICATION, , 1975. |
| 442 p. ; ; 20cm. |
| ISBN CNY2.50. |
| ● |
| 相关链接 |
|
|
|
|
正题名:MATHEMATICAL TECHNIQUES IN CHEMISTRY
索取号:O6:H31/x83
 
预约/预借
| 序号 | 登录号 | 条形码 | 馆藏地/架位号 | 状态 | 备注 |
| 1 | 49497 | 000636583 | 第四借阅区/ [索取号:O6:H31/x83] | 在馆 |